000 00564nam a2200181Ia 4500
008 150610s9999 xx 000 0 und d
020 _a9780545342148 (pbk.)
050 _aPZ7
_b.C4576 F49 2013 
100 _aChristopher, Lucy
245 _aFlyaway /
_cLucy Christopher.
260 _aNew York :
_bScholastic,
_c2013.
300 _a328pages ;
_c20 cm.
520 _aJuvenile fiction.
650 _aFamilies
_bJuvenile fiction.
650 _aSwans
_xJuvenile fiction
650 _aWild rescue
_xJuvenile fiction.
650 _aWildlife rescue
_bJuvenile fiction.
999 _c287923
_d287923